Statistics for Beast Quest #12: The Darkest Hour

Click here to take the quiz!

General Stats

  • This quiz has been taken 3 times
  • The average score is 3 of 6

Answer Stats

Answer% Correct
Kama the Faceless Beast
100%
Issrilla the Creeping Menace
50%
Kajin the Beast Catcher
50%
Mirka the Ice Horse
50%
Solak, Scourge of the Sea
50%
Vigrash the Clawed Eagle
0%

Score Distribution

Percentile by Number Answered

Percent of People with Each Score

Your Score History

You have not taken this quiz